Can you names these terms that have a Q without a U? - Statistics

General Stats
  • This quiz has been taken 19 times
  • The average score is 7 of 12
Answer Stats
Hint Answer % Correct
Arabian country which is the largest emitter of carbon dioxide per capita Qatar
94%
In Chinese philosophy, The lifeforce that permeates and sustains all life Qi
89%
Dynasty that controlled the most land of any dynasty in Chinese History Qing
83%
Flag carrier of Australia that is the only airline to fly to all 7 continents Qantas
78%
Standard keyboard layout Qwerty
78%
Country with the "Cradle of civilization" Iraq
61%
Organization whose attacks started the "War on Terror" Al Qaeda
44%
Far right conspiracy theory that believes that "a cabal of Satanic, cannibalistic child molesters in league with the deep state is operating a global child sex trafficking ring and that Donald Trump is secretly leading the fight against them". QAnon
39%
The first electronic stock exchange Nasdaq
33%
Islamic garment that covers the entire body excluding the eyes Niqab
22%
Fast casual Mexican restaurant started in Denver Qdoba
22%
Japanese clothing company whose name was made from a misreading Uniqlo
22%
No matching quizzes found
Score Distribution
Percent of People with Each Score
Percentile by Number Answered
Your Score History
You have not taken this quiz